000
00430pam a2200121a 44500
008
230405s2011 xxu||||| |||| 00| 0 eng d
041
_a
ENG
100
_a
महात्मा फुले कृषि विदयापीठ
245
_a
कृषिदर्शनी 2011
260
_a
राहूरी
_b
महात्मा फुले कृषि विदयापीठ
_c
2011
300
_a
xli304
906
_a
2455
999
_c
291333
_d
291333